000 00616nam a2200241 a 4500
001 nice12345678
003 IN_TiNIC
005 20260116013914.0
008 050524s1992 newa grp 000 0 eng
020 _a8170367
_c275
082 0 0 _a305.4
_bROS
100 _aRose, Kalim
245 _aWhere Women Are Leaders
260 _aNew Delhi
_bSage Publications
_c1992
300 _a286p
500 _aincludes index and biblioraphy
505 2 _aAppendix, Bibliography, Index
650 _aWomen-India-Self Employment
700 1 _aRose, Kalim
902 _bSRS
942 _cBK
999 _c13042
_d13042